Welcome to CU Library Online Public Access Catalogue (OPAC)

Management, a biblical approach / (Record no. 5854)

MARC details
000 -LEADER
fixed length control field 00856cam a22002294a 4500
001 - CONTROL NUMBER
control field 12537440
005 - DATE AND TIME OF LATEST TRANSACTION
control field 20250520120249.0
008 - FIXED-LENGTH DATA ELEMENTS--GENERAL INFORMATION
fixed length control field 010918r20021983coua 000 0 eng
020 ## - INTERNATIONAL STANDARD BOOK NUMBER
International Standard Book Number 0781437458
050 00 - LIBRARY OF CONGRESS CALL NUMBER
Classification number HD38
Item number .R845 2002
082 00 - DEWEY DECIMAL CLASSIFICATION NUMBER
Classification number 658
Edition information 21
100 1# - MAIN ENTRY--PERSONAL NAME
Personal name Rush, Myron
Fuller form of name (Myron D.)
245 10 - TITLE STATEMENT
Title Management, a biblical approach /
Statement of responsibility, etc. Myron Rush.
260 ## - PUBLICATION, DISTRIBUTION, ETC.
Place of publication, distribution, etc. Colorado Springs :
Name of publisher, distributor, etc. Victor,
Date of publication, distribution, etc. c2002.
300 ## - PHYSICAL DESCRIPTION
Extent viii, 228 p. :
Other physical details ill. ;
Dimensions 22 cm.
500 ## - GENERAL NOTE
General note Originally published: Wheaton, Ill. : Victor Books, c1983.
650 #0 - SUBJECT ADDED ENTRY--TOPICAL TERM
Topical term or geographic name entry element Management
General subdivision Religious aspects
-- Christianity.
650 #0 - SUBJECT ADDED ENTRY--TOPICAL TERM
Topical term or geographic name entry element Christianity.
856 42 - ELECTRONIC LOCATION AND ACCESS
Materials specified Contributor biographical information
Uniform Resource Identifier <a href="http://www.loc.gov/catdir/enhancements/fy0909/2001005712-b.html">http://www.loc.gov/catdir/enhancements/fy0909/2001005712-b.html</a>
856 42 - ELECTRONIC LOCATION AND ACCESS
Materials specified Publisher description
Uniform Resource Identifier <a href="http://www.loc.gov/catdir/enhancements/fy0909/2001005712-d.html">http://www.loc.gov/catdir/enhancements/fy0909/2001005712-d.html</a>
942 ## - ADDED ENTRY ELEMENTS (KOHA)
Source of classification or shelving scheme Library of Congress Classification
Koha item type Books
Suppress in OPAC No
999 ## -
-- 5854
-- 5854
Holdings
Withdrawn status Lost status Source of classification or shelving scheme Damaged status Not for loan Collection Home library Current library Shelving location Date acquired Total checkouts Full call number Barcode Date last seen Copy number Price effective from Koha item type
    Library of Congress Classification     Non-fiction Graduate Library (Christ Temple) Graduate Library (Christ Temple) General stacks 05/20/2025   HD 38 R 845 RUS GSCT00001226 05/20/2025 1 05/20/2025 Books
    Library of Congress Classification     Non-fiction Graduate Library (Christ Temple) Graduate Library (Christ Temple) General stacks 05/20/2025   HD 38 R 845 RUS GSCT00001227 05/20/2025 2 05/20/2025 Books
    Library of Congress Classification     Non-fiction Graduate Library (Christ Temple) Graduate Library (Christ Temple) General stacks 05/20/2025   HD 38 R 845 RUS GSCT00001228 05/20/2025 3 05/20/2025 Books
    Library of Congress Classification     Non-fiction Graduate Library (Christ Temple) Graduate Library (Christ Temple) General stacks 05/20/2025   HD 38 R 845 RUS GSCT00001229 05/20/2025 4 05/20/2025 Books
    Library of Congress Classification     Non-fiction Graduate Library (Christ Temple) Graduate Library (Christ Temple) General stacks 05/20/2025   HD 38 R 845 RUS GSCT00001230 05/20/2025 5 05/20/2025 Books
© 2023-2024 Copyright: Central University Libraries. All Rights Reserved | Created by: Mahone Tech Office